Gandhi vs Jinnha: (Record no. 141199)

MARC details
000 -LEADER
fixed length control field 00645nam a22001937a 4500
005 - DATE AND TIME OF LATEST TRANSACTION
control field 20170616122000.0
010 ## - LCCN (DPL NO)
LC control number ENG-118694
020 ## - INTERNATIONAL STANDARD BOOK NUMBER
International Standard Book Number 9789383252992
Terms of availability 445.00
035 ## - SYSTEM CONTROL NUMBER
System control number EN-102226
037 ## - SOURCE OF ACQUISITION
Source of stock number/acquisition DBAD/PUB
082 ## - DEWEY DECIMAL CLASSIFICATION NUMBER
Classification number 954.035
100 ## - MAIN ENTRY--PERSONAL NAME
Personal name Roychoudhury,h.p.
245 ## - TITLE STATEMENT
Title Gandhi vs Jinnha:
Statement of responsibility, etc by H.p. roychoudhury
Remainder of title we are the children of the country of gandhi & jinnah /
260 ## - PUBLICATION, DISTRIBUTION, ETC. (IMPRINT)
Place of publication, distribution, etc Guwahati
Name of publisher, distributor, etc Ebh publishers (india)
Date of publication, distribution, etc 2017
270 ## - ADDRESS
Address 136, m.l. nehru road , panbazar, guwahati,assam,india
300 ## - PHYSICAL DESCRIPTION
Extent 183.p.
Dimensions 21cms.(pbk)
Other physical details ill.(map, pictures)
500 ## - GENERAL NOTE
General note includes index
942 ## - ADDED ENTRY ELEMENTS (KOHA)
Source of classification or shelving scheme Dewey Decimal Classification
Item type English Books
Classification part 954.035
Call number suffix ROY
Holdings
Withdrawn status Lost status Not for loan Collection code Home library Current library Date acquired Source of acquisition Cost, normal purchase price Full call number Barcode Copy number Cost, replacement price Koha item type
    Not For Loan Non-fiction D.B.Act.Division Bawana 16/06/2017 DBAD/PUB 445.00 954.035 ROY EN-102226 1 445.00 English Books

© Delhi Public Library
Hit Counter
free hit counter